LEADER 01580nam a2200325 4500 001 000000353183 003 CaOOAMICUS 005 20230801153207.0 008 230320s2023 it 000 u ita r 020 $a978-88-98226-57-3 040 $aSeMil$bita 100 1 $aGaetani, Luigi.$0(OLS)http://semarc/name/109666 245 12$aI presbiteri nella Chiesa :$bvita spirituale e discernimento /$cLuigi Gaetani, Sergio La Pegna ; a cura di Onofrio Castelli. 264 1$aCaltanissetta :$bCentro Studi "Monsignor Giovanni Jacopo Vescovo",$c2023. 300 $a241 p. ;$c22 cm 490 1 $aFormazione permanente del clero ;$v30 500 $aIn mezzo al front.: Esercizi spirituali del Clero 2022 541 0 $aOmaggio mons. Mario Delpini (3F II 1148) 650 4$aEsercizi spirituali [per] Sacerdoti cattolici.$0(OLS)http://semarc/subject/53627 700 1 $aLa Pegna, Sergio.$0(OLS)http://semarc/name/116125 700 1 $aCastelli, Onofrio.$0(OLS)http://semarc/name/115277 830 0$aFormazione permanente del clero ;$v30.$0(OLS)http://semarc/title/28244 850 $aSeMil 852 $aSeMil$W1$xVenegono$y1$m3F II 1148$j242618$B244413$CSeMilBibl$Z2$F244413 $81 941 1 $a7 961 $aOmaggio mons. Mario Delpini 996 $6020$a978-88-98226-57-3$9(OLS)http://semarc/number/297807 996 $6245$aI presbiteri nella Chiesa :$bvita spirituale e discernimento$9(OLS)http://semarc/title/443203 996 $6264$aCaltanissetta :$bCentro Studi "Monsignor Giovanni Jacopo Vescovo"$9(OLS)http://semarc/publisher/60882 LEADER 01054nam a2200229 i 4500 001 000000220190 003 CaOOAMICUS 005 20200515100007.0 008 130502s1886 fr u000 u lat u 013 $a199087 040 $aSeMil$bita 245 10$a4: Continens libros De anima, Parva naturalia, Metaphysicam. 300 $a652 p. 700 0 $aAristoteles,$d<384-322 a.C.>.$0(OLS)http://semarc/name/1263 773 0 $aAristoteles <384-322 a.C.>$tAristotelis Opera omnia.$dParis : Lethielleux, 1886.$bEditio juxta romanam anni 1668 denuo typis descripta opera Augustini Bringmann S.J.$kBibliotheca theologiae et philosophiae scholasticae$g4$w()28466 830 0$aBibliotheca theologiae et philosophiae scholasticae.$0(OLS)http://semarc/title/38603 850 $aSeMil 852 $aSeMil$W1$xVenegono$y1$m2O V 10 FA$j170547$B170547$CSeMilBibl$Z2$F181156 $8I 900 0 $aAristotele. 996 $6245$a4: Continens libros De anima, Parva naturalia, Metaphysicam$9(OLS)http://semarc/title/315856